Mastering english grammar
| Main Author: | |
|---|---|
| Format: | Book |
| Published: |
Ampang :
Eurasia-Pacific Books ,
1996
|
| Subjects: |
MARC
| LEADER | 00000cam a2200000 7i4500 | ||
|---|---|---|---|
| 001 | 0000018083 | ||
| 002 | 000019696 | ||
| 005 | 20000330.0 | ||
| 020 | |a T000001667 | ||
| 090 | 0 | 0 | |a 425 |b NAN |
| 100 | 1 | |a Nandy, Milon | |
| 245 | 1 | 0 | |a Mastering english grammar |c Milon Nandy |
| 260 | |a Ampang : |b Eurasia-Pacific Books , |c 1996 | ||
| 300 | |a 300p. ; |c 12cm. | ||
| 650 | 0 | 0 | |a English language |x Grammar |
| 999 | |a 00070025 |b BUKU |c PINJAMAN |e PERPUSTAKAAN KOMUNITI PETALING JAYA | ||
| 999 | |a 00070026 |b BUKU |c PINJAMAN |e PERPUSTAKAAN KOMUNITI PETALING JAYA | ||